| 000 | 02566nam a2200361 i 4500 | ||
|---|---|---|---|
| 001 | 768714001 | ||
| 003 | CO-MdFUSB | ||
| 005 | 20230517165539.0 | ||
| 007 | ta | ||
| 008 | 211005t1991 -ge |||| |||| 00| 0 spa d | ||
| 020 | _a8428810486 | ||
| 040 |
_aCO-MdFUSB _bspa _cCO-MdFUSB _dCO-MdFUSBC _erda |
||
| 041 | _aspa | ||
| 082 |
_223 _a261.808822 _bEN59 |
||
| 245 |
_aEnseñanza social de la Iglesia en América Latina _c/ editado por Peter Hünermann ; Ricardo Antoncich ... [y otros dieciséis autores] |
||
| 264 | 1 |
_aMadrid, España : _bPPC, _c[1991] |
|
| 264 | 4 | _c© 1991 | |
| 300 |
_a399 páginas _c; 23 cm |
||
| 336 |
_2rdacontent _atexto _btdi |
||
| 337 |
_2rdamedia _asin mediación _bn |
||
| 338 |
_2rdacarrier _avolumen _bnc |
||
| 490 | _aIntercambio, | ||
| 505 |
_tCondicionamientos históricos: _aPrehistoria americana de la Doctrina Social de la iglesia / Gerardo Farrel. -- La enseñanza social de la iglesia desde Medellón hasta nuestros días. / Ricardo Antoncich. |
||
| 505 |
_tCuestiones básicas de método:
_aIglesia-sociedad-cultura / Peter Hünermann. -- El lugar de la Doctrina Social en la reflexion teológico-moral cristiana. / Eduardo Briancesco. -- Ciencias sociales, ética política y Doctrina Social de la iglesia /Juan Carlos Scannone. -- Teología de la Liberación y las ciencia sociales. / Eugenio Rubiolo. |
||
| 505 |
_tDesafíos de la realidad latinoamericana: _aEl desafío económico: Los problemas y aspiraciones econmica de Améroca Latina: un desafío a la enseñanza y a la praxis cristiana. / Máximo Vega-Centeno. --Deuda externa y situación social en América Latina / Santiago Gastaldi. -- Iglesia y política económica en Chile. / Reinhard Zorn. El desafío social: Grupos sociales desintegrados y en conflicto. / Pedro Morandé. El desafío político: Democratización de las democracias en América Latina. El desafío cultural: Inculturación, evangelización y liberación / Miguel Manzanera. -- El evangelio y las culturas en la enseñanza social de la Iglesia y en América Latina / Silva Arce Moya. -- Religiosidad campesina, estructuras parroquiales y la cultura en el Valle Alto. / José Antonio Rocha. -- Filosofía del desarrollo / Enrique López-Dóriga. |
||
| 505 |
_tPistas de reflexión: _aPistas para una nueva reflexión y praxis social de la Iglesia latinoamericana. |
||
| 563 | _aRústico | ||
| 650 | 0 |
_9691 _aSociología cristiana _zAmérica Latina |
|
| 700 |
_95733 _aHünermann, Peter, _eeditor |
||
| 700 |
_95734 _aAntoncich, Ricardo, _eautor |
||
| 942 | _cBK | ||
| 945 | _aJTF-925 | ||
| 999 |
_c66918 _d66918 |
||